| 000 | 00499nam a22001697a 4500 | ||
|---|---|---|---|
| 005 | 20240806091916.0 | ||
| 008 | 240806b |||||||| |||| 00| 0 eng d | ||
| 020 | _a0-582-41029-7 | ||
| 082 |
_a330.941 _bREA-T |
||
| 100 | _aReader, K.S | ||
| 245 |
_aModern British Economy in historical perspective/ _cReader, K.S |
||
| 260 |
_aLondon; _bLongman Group Limited; _c1972 |
||
| 300 |
_axii, 236 p.: _bill; _c23 cm. |
||
| 500 | _aInclude index. | ||
| 650 | _aSocial Sciences/ Economics | ||
| 999 |
_c36290 _d36290 |
||